| 000 -LEADER |
| fixed length control field |
00701nam a2200253Ia 4500 |
| 001 - CONTROL NUMBER |
| control field |
16186 |
| 003 - CONTROL NUMBER IDENTIFIER |
| control field |
GE_BSU |
| 008 - FIXED-LENGTH DATA ELEMENTS--GENERAL INFORMATION |
| fixed length control field |
181216s||||||||xx |||||||||||||| ||und|| |
| 020 ## - INTERNATIONAL STANDARD BOOK NUMBER |
| International Standard Book Number |
9781588266071 |
| 040 ## - CATALOGING SOURCE |
| Transcribing agency |
GE_BSU |
| 080 ## - UNIVERSAL DECIMAL CLASSIFICATION NUMBER |
| Universal Decimal Classification number |
337.2+339 |
| 100 ## - MAIN ENTRY--PERSONAL NAME |
| Personal name |
Dinan,Desmond |
| 245 ## - TITLE STATEMENT |
| Title |
Ever Closer union:An introduction to European integration |
| 260 ## - PUBLICATION, DISTRIBUTION, ETC. |
| Place of publication, distribution, etc. |
Doulder |
| 260 ## - PUBLICATION, DISTRIBUTION, ETC. |
| Name of publisher, distributor, etc. |
Lynne Reinner Publishers |
| 260 ## - PUBLICATION, DISTRIBUTION, ETC. |
| Date of publication, distribution, etc. |
2010 |
| 300 ## - PHYSICAL DESCRIPTION |
| Extent |
619p.23cm. |
| 653 ## - INDEX TERM--UNCONTROLLED |
| Uncontrolled term |
An introduction to European integration |
| 653 ## - INDEX TERM--UNCONTROLLED |
| Uncontrolled term |
Ever Closer union |
| 653 ## - INDEX TERM--UNCONTROLLED |
| Uncontrolled term |
ევროკავშირის ინტეგრაცია |
| 653 ## - INDEX TERM--UNCONTROLLED |
| Uncontrolled term |
ეკონომიკა |
| 942 ## - ADDED ENTRY ELEMENTS (KOHA) |
| Koha item type |
წიგნი |